header

Qualitative marketing research (Record no. 61709)

MARC details
000 -LEADER
fixed length control field 01240nam a2200337Ia 4500
082 04 - DEWEY DECIMAL CLASSIFICATION NUMBER
Classification number 658.8/3
245 00 - TITLE STATEMENT
Title Qualitative marketing research
260 ## - PUBLICATION, DISTRIBUTION, ETC. (IMPRINT)
Place of publication London ;
-- Thousand Oaks, Calif. :
Name of publisher SAGE,
Year of publication 2001.
300 ## - PHYSICAL DESCRIPTION
Number of Pages xii, 239 p. :
Other physical details ill.
650 #0 - SUBJECT ADDED ENTRY--TOPICAL TERM
Topical Term Qualitative research.
Topical Term Marketing research.
700 1# - ADDED ENTRY--PERSONAL NAME
Personal name Carson, David,
856 40 - ELECTRONIC LOCATION AND ACCESS
Uniform Resource Identifier http://site.ebrary.com/lib/rucke/Doc?id=10668417

No items available.

© 2026 Rongo University
Contact us: librarian | system librarian | Rongo university